000
00318 a2200145 4500
001
156976
040
_c
Escola São Tomás de Aquino
100
_a
CULTURA INGLESA
240
1
0
_a
Hats on top 1
_l
por
245
1
0
_a
Hats on top 1
300
_a
41 f.
440
1
_a
Cultura Inglesa
697
_a
Infantil 4
942
_c
BK
999
_c
156976
_d
156976